Dinossauros surpreendentes (Record no. 45565)

MARC details
000 -Etiqueta do registo
Valores 00762nam a2200253 04500
010 ## - Número ISBN
ISBN 9789896335168
021 ## - Número do Depósito Legal
Número 338651/12
100 ## - Dados gerais de processamento
Dados gerais 20130212d2012 d y0pory50030103ba
101 1# - Língua de publicação
Língua poreng
102 ## - País de publicação
País PT
200 1# - Titulo e menção de responsabilidade
Título próprio Dinossauros surpreendentes
Primeira menção de responsabilidade il. F. Valiente
Informação de outro título com muitas janelas para abrir
210 #9 - Publicação
Local de publicação Sintra
Nome do editor Girassol,
Data de publicação D.L. 2012
215 ## - Descrição física 
Paginação / Volumes [11] p.
Outras indicações físicas muito il.
Dimensões 28 cm
225 2# - Colecção 
Título próprio da colecção Janelas curiosas
225 2# - Colecção 
Título próprio da colecção Girassol
300 ## - Notas gerais 
Texto da nota Ed. escrita segundo o novo acordo ortográfico
675 ## - CDU
Notação 598
675 ## - CDU
Notação 087.5
Edição BN
Língua por
702 #1 - Autor secundário
Apelido Valiente,
Nome F.
Função 440
801 #0 - Fonte de origem
País PT
Agência BN
Regras de catalogação RPC
856 41 - Localização e acesso electrónico 
URL <a href="http://rnod.bnportugal.gov.pt/ImagesBN/winlibimg.aspx?skey=&doc=1830714&img=26039&save=true">http://rnod.bnportugal.gov.pt/ImagesBN/winlibimg.aspx?skey=&doc=1830714&img=26039&save=true</a>
990 ## - Elementos KOHA
Tipo de documento Livro
Holdings
Aquisição Empréstimo Código de barras Cota Permissão de empréstimo Tipo de documento
Biblioteca Municipal de Redondo Biblioteca Municipal de Redondo A056285 598 VAL   Livro

Powered by Koha